| 000 | 00713nam a2200229Ia 4500 | ||
|---|---|---|---|
| 001 | 15679 | ||
| 003 | GE_BSU | ||
| 008 | 181216s||||||||xx |||||||||||||| ||und|| | ||
| 040 | _cGE_BSU | ||
| 080 | _a821.353.1-2 | ||
| 100 | _aჩხაიძე, ალექსანდრე | ||
| 245 | _aხიდი | ||
| 245 | _bპიესა ორ მოქმედებად | ||
| 245 | _cრედ.გ.ქველაძე. მხ.ლ.ღვინჯილია | ||
| 260 | _aთბილისი | ||
| 260 | _bხელოვნება | ||
| 260 | _c1973 | ||
| 300 | _a119გვ. ; 19სმ | ||
| 653 | _aპიესა ორ მოქმედებად | ||
| 653 | _aხიდი | ||
| 942 | _cBK | ||
| 999 |
_c48778 _d48778 |
||